Music Quiz

Random Music or Rap Quiz

Musical Men by Image A-Z Quiz Stats

 Plays Quiz Updated Oct 27, 2019

Score 0/22 Timer 07:00
9 Plays Today
Question Answer Wrong Answers
Which M Artist is This? Michael Jackson
98.4%
Marvin Gaye
0.1%
Marilyn Manson
0.2%
Meat Loaf
0.1%
Which E Artist is This? Elvis Presley
98.2%
Eminem
0.1%
Elvis Costello
0.9%
Elton John
0.2%
Which D Artist is This? David Bowie
98.1%
Drake
0.1%
Dr. Dre
0.2%
David Lee Roth
1%
Which P Artist is This? Prince
98%
Paul McCartney
0.3%
Paul Simon
0.1%
Peter Gabriel
0.1%
Which O Artist is This? Ozzy Osbourne
97.7%
Omarion
0.2%
Otis Redding
0.3%
Ol' Dirty Bastard
0.4%
Which T Artist is This? Tupac Shakur
97.4%
Tom Petty
0.3%
Tom Jones
0.3%
Tony Bennett
0.4%
Which J Artist is This? Jimi Hendrix
96.4%
Jay Z
0.3%
James Brown
1.8%
Johnny Cash
0.5%
Which F Artist is This? Flo Rida
96.1%
Frank Zappa
0.9%
Fats Domino
2%
Frank Sinatra
0.2%
Which W Artist is This? 'Weird Al' Yankovic
95.1%
The Weeknd
0.3%
Will Smith
0.3%
Willie Nelson
2.7%
Which A Artist is This? Alice Cooper
95.1%
Adam Ant
1.5%
Art Garfunkel
1.7%
Al Green
1.6%
Which L Artist is This? Lionel Richie
94.9%
Lenny Kravitz
1.5%
Little Richard
1.7%
Leonard Cohen
0.7%
Which R Artist is This? Ray Charles
94.1%
Randy Newman
1.5%
Roy Orbison
2%
Rod Stewart
1%
Which V Artist is This? Vanilla Ice
91.3%
Van Morrison
1.7%
Vangelis
1.4%
Vince Gill
4.1%
Which B Artist is This? Bob Dylan
90.4%
Billy Joel
3.8%
Bruce Springsteen
4.8%
Bob Marley
0.9%
Which C Artist is This? Chuck Berry
89.4%
Cat Stevens
3.7%
Chubby Checker
5%
Christopher Cross
1.4%
Which S Artist is This? Stevie Wonder
87.3%
Sting
0.7%
Stevie Ray Vaughan
8.4%
Snoop Dogg
2%
Which G Artist is This? Garth Brooks
86.3%
Glen Campbell
7.9%
George Harrison
2.4%
George Michael
2.6%
Which K Artist is This? Kendrick Lamar
86%
Kenny Rogers
0.8%
Kid Rock
2.3%
Kanye West
9.8%
Which N Artist is This? Neil Young
79.6%
Neil Diamond
17.1%
Notorious B.I.G.
0.7%
Nat King Cole
1.3%
Which I Artist is This? Ice Cube
76.6%
Iggy Pop
0.8%
Ice-T
20.5%
Isaac Hayes
1.2%
Which Y Artist is This? Yanni
73.6%
Young MC
2.6%
Yungblud
2.6%
Yusuf Islam
19.6%
Which H Artist is This? Herbie Hancock
67.3%
Harry Styles
2.1%
Harry Belafonte
17%
Hank Williams
12.6%

You're not logged in!

Compare scores with friends on all Sporcle quizzes.
OR
Log In

Sporcle TV

Today on Sporcle TV


Watch our educational content, quiz creation guides, and fun videos on Sporcle TV.

Show Comments

Extras

Top Quizzes Today


Score Distribution

Your Account Isn't Verified!

In order to create a playlist on Sporcle, you need to verify the email address you used during registration. Go to your Sporcle Settings to finish the process.

Report this User

Report this user for behavior that violates our Community Guidelines.

Details: